000 00869nam a2200229Ia 4500
003 SEM
999 _c46605
_d46605
005 20220608071342.0
008 141116s1995 ai ||||gr|||||001|0 arm|d
040 _aSEM
_cSEM
041 _aarm
080 _a891.981-3/Ս-19
100 _aՍանթրյան Վանիկ
245 _aՄաշտոցի որդիները /
_cՎ. Սանթրյան; Նկ.` Լ. Բերբերյան
250 _aԵրրորդ հրատարակություն,
_bբարեփոխված
260 _aՍ. Էջմիածին :
_bՄայր Աթոռ Սուրբ Էջմիածնի հրատ.,
_c1995.
300 _a271 էջ ;
_c16 սմ
650 _aՀայ գրականություն
_xարձակ
650 _aԳեղարվեստական գրականություն
_xարձակ
653 _aՍԷՄ
700 _aԲերբերյան Լյուդվիգ
_eնկ.
_4ill.
942 _2udc
_cBK